| 000 | 00351nam a22001337a 4500 | ||
|---|---|---|---|
| 008 | 250404b |||||||| |||| 00| 0 eng d | ||
| 020 | _a9780471904716 | ||
| 050 |
_aRM301 _b.S64 |
||
| 100 | _aSneader Walter | ||
| 245 | _aDrug Discovery;The Evolution of modern medicine | ||
| 260 |
_aChichester _bJohn wiley&Sons _c1985 |
||
| 300 | _ax,435p | ||
| 942 | _cBK | ||
| 999 |
_c2868 _d2868 |
||